| 000 | 00961cab a2200361 4500 | ||
|---|---|---|---|
| 001 | ABS56450 | ||
| 008 | 090401t1997 xxu||||| |||| 00| 0 eng d | ||
| 035 | _a(Sirsi) u23686 | ||
| 041 | _aeng | ||
| 245 | _aLondon & south-east: Kent | ||
| 260 | _c1997 | ||
| 350 | _a0 | ||
| 490 |
_aProperty Week _v58(2) 17 January 1997, 38-52(8) |
||
| 650 | _aASHFORD | ||
| 650 | _aBRITISH ACADEMY OF SPORT | ||
| 650 | _aDARTFORD | ||
| 650 | _aEAST KENT | ||
| 650 | _aGRAVESEND | ||
| 650 | _aINDUSTRIAL MARKET | ||
| 650 | _aINDUSTRIAL RENTS | ||
| 650 | _aINWARD INVESTMENT | ||
| 650 | _aKENT | ||
| 650 | _aMEDWAY TOWNS | ||
| 650 | _aPROPERTY-COMMERCIAL PROPERTY-OFFICE PROPERTY-OFFICE PROPERTY MARKET | ||
| 650 | _aOFFICE RENTS | ||
| 650 | _aSEVENOAKS | ||
| 650 | _aSITTINGBOURNE | ||
| 650 | _aTONBRIDGE | ||
| 650 | _aTUNBRIDGE WELLS | ||
| 690 | _aPROPERTY-COMMERCIAL PROPERTY-COMMERCIAL PROPERTY MARKET | ||
| 942 | _n0 | ||
| 948 | _c04/03/1997 | ||
| 999 |
_c15856 _d15856 |
||